000 00612cam a2200217 a 4500
001 1844079
005 20180215042633.0
008 811103s1982 nyub 001 0 eng
010 _a 81047679
020 _a0060390077 :
_c$15.95
040 _aDLC
_cDLC
_dDLC
041 _aeng
043 _an-us---
080 _a973.92
082 0 0 _a973.92 WHI
_219
100 1 _a16
101 _aHIS
245 1 0 _aAmerica in search of itself :
_cTheodore H. White ; [endpaper maps by Frank Ronan].
906 _a7
_bcbc
_corignew
_d1
_eocip
_f19
_gy-gencatlg
942 _2ddc
_cBK
999 _c42609
_d42609